Pugs Dressed as Famous People Quiz Stats

 Plays Quiz Updated Nov 28, 2018

Challenge
Share
Tweet
Score 0/15 Timer 05:00
0 Plays Today
# Person % Correct
Batman
99%
Darth Vader
96.6%
Superman
92.8%
Robin
92.6%
Wonder Woman
92.4%
Yoda
90.6%
Marilyn Monroe
84.2%
Spock
78.9%
# Person % Correct
Napoleon Bonaparte
77%
Count Dracula
63.1%
6Julius Caesar
59.1%
7Walter Tell (William Tell's son)
49.4%
Henry VIII
48.7%
Teen Wolf
43.1%
Genghis Khan
7.7%

You're not logged in!

Compare scores with friends on all Sporcle quizzes.
OR
Log In

You Might Also Like...

Show Comments

Extras

Top Quizzes Today


Score Distribution

Your Account Isn't Verified!

In order to create a playlist on Sporcle, you need to verify the email address you used during registration. Go to your Sporcle Settings to finish the process.

Report this User

Report this user for behavior that violates our Community Guidelines.

Details: